[Event "Titled Tuesday intern op 16th Apr Early"]
[Site "Chess.com INT"]
[Date "2024.04.16"]
[Round "8"]
[White "Novoselov, Roman"]
[Black "Kleibel, Uwe"]
[Result "1-0"]
[WhiteElo "2279"]
[BlackElo "2302"]
[PlyCount "117"]
[EventDate "2024.04.16"]
[EventType "swiss (blitz)"]
[EventRounds "11"]
[EventCountry "USA"]
[SourceTitle "CB17_2024"]
[SourceDate "2024.04.24"]
[SourceVersion "1"]
[SourceVersionDate "2024.04.24"]
[SourceQuality "1"]

1. e4 c6 2. d4 d5 3. Nd2 dxe4 4. Nxe4 Nf6 5. Nxf6+ exf6 6. c3 Bd6 7. Bd3 0-0 8. Qc2 Re8+ 9. Ne2 h5 10. 0-0 h4 11. h3 Nd7 12. Be3 Nf8 13. c4 Be6 14. Qd2 Rc8 15. f4 f5 16. Rad1 g6 17. Nc3 Nh7 18. Bf2 Be7 19. d5 cxd5 20. cxd5 Bd7 21. Bc2 Bc5 22. Bxc5 Rxc5 23. Qd4 b6 24. d6 Qf6 25. Qd2 Rd8 26. Rfe1 Bc6 27. Bb3 Rd7 28. Qd4 Qxd4+ 29. Rxd4 Kf8 30. Bc2 a5 31. a3 b5 32. Re5 Rxe5 33. fxe5 Ng5 34. Rxh4 Kg7 35. b4 a4 36. Bd3 f6 37. exf6+ Kxf6 38. Bxb5 Rxd6 39. Bxc6 Rxc6 40. Nxa4 Rc1+ 41. Kh2 Ra1 42. Rc4 Rxa3 43. Rc6+ Ke5 44. Nc5 Ne4 45. Rxg6 Rc3 46. Nd7+ Kf4 47. b5 Rb3 48. b6 Rb1 49. h4 Nf2 50. g3+ Kf3 51. Ne5+ Ke4 52. Nc4 Rb4 53. b7 Kf3 54. Ne5+ Ke4 55. Nd7 Ng4+ 56. Kh3 Rb2 57. Rxg4+ fxg4+ 58. Kxg4 Rxb7 59. Nc5+ 1-0

[Event "Titled Tuesday intern op 02nd Apr Early"]
[Site "Chess.com INT"]
[Date "2024.04.02"]
[Round "2"]
[White "Kleibel, Uwe"]
[Black "Sonis, Francesco"]
[Result "0-1"]
[WhiteElo "2302"]
[BlackElo "2562"]
[PlyCount "26"]
[EventDate "2024.04.02"]
[EventType "swiss (blitz)"]
[EventRounds "11"]
[EventCountry "USA"]
[SourceTitle "CB15_2024"]
[SourceDate "2024.04.10"]
[SourceVersion "1"]
[SourceVersionDate "2024.04.10"]
[SourceQuality "1"]

1. e4 e5 2. Nf3 Nc6 3. d4 exd4 4. Nxd4 Qf6 5. Nb3 Bb4+ 6. c3 Be7 7. N1d2 Qg6 8. Qf3 Nf6 9. h3 0-0 10. Be2 Re8 11. 0-0 Bf8 12. Qf5 Qxf5 13. exf5 Rxe2 0-1

[Event "Titled Tuesday intern op 02nd Apr Early"]
[Site "Chess.com INT"]
[Date "2024.04.02"]
[Round "4"]
[White "Lenoir Ibacache, Gabriel Alberto"]
[Black "Kleibel, Uwe"]
[Result "0-1"]
[WhiteElo "2228"]
[BlackElo "2302"]
[PlyCount "118"]
[EventDate "2024.04.02"]
[EventType "swiss (blitz)"]
[EventRounds "11"]
[EventCountry "USA"]
[SourceTitle "CB15_2024"]
[SourceDate "2024.04.10"]
[SourceVersion "1"]
[SourceVersionDate "2024.04.10"]
[SourceQuality "1"]

1. e4 e5 2. Nf3 Nc6 3. Bb5 a6 4. Ba4 Nf6 5. 0-0 Be7 6. Re1 d6 7. c3 b5 8. Bc2 0-0 9. h3 Nb8 10. a4 Bb7 11. d4 Nbd7 12. Nbd2 c5 13. d5 c4 14. Nf1 Nc5 15. axb5 axb5 16. Rxa8 Qxa8 17. Ng3 Re8 18. Nf5 Bf8 19. Nh2 Bc8 20. Qf3 Bxf5 21. Qxf5 Qc8 22. Qf3 Qd7 23. Be3 Rc8 24. Ra1 Qb7 25. Ng4 Nxg4 26. hxg4 Be7 27. g3 Bd8 28. Kg2 Bb6 29. Rh1 f6 30. g5 fxg5 31. Qf5 g6 32. Qxg5 Qf7 33. Qg4 Rf8 34. Qe2 Ra8 35. Qg4 Nd7 36. Bg5 Qxf2+ 37. Kh3 Qf7 38. Bd1 Nf6 39. Qh4 Nh5 40. Bxh5 gxh5 41. Bh6 Qg6 42. Qg5 Qxg5 43. Bxg5 Rf8 44. Be7 Rf2 45. Bxd6 Rxb2 46. Bxe5 Rc2 47. Bf4 Rxc3 48. e5 Rd3 49. d6 Kf7 50. Rb1 Rb3 51. Rxb3 cxb3 52. Bc1 Ke6 53. Bb2 Bd8 54. g4 h4 55. Ba1 Bg5 56. Bb2 Bf4 57. Kxh4 b4 58. Kh5 Bd2 59. Bd4 Bc3 0-1

[Event "Titled Tuesday intern op 13th Feb Late"]
[Site "Chess.com INT"]
[Date "2024.02.13"]
[Round "3"]
[White "Kleibel, Uwe"]
[Black "Vila Dupla, Aurelio"]
[Result "1/2-1/2"]
[WhiteElo "2302"]
[BlackElo "2042"]
[PlyCount "152"]
[EventDate "2024.02.13"]
[EventType "swiss (blitz)"]
[EventRounds "11"]
[EventCountry "USA"]
[SourceTitle "CB08_2024"]
[SourceDate "2024.02.21"]
[SourceVersion "1"]
[SourceVersionDate "2024.02.21"]
[SourceQuality "1"]

1. e4 e6 2. d4 d5 3. e5 c5 4. c3 Ne7 5. Na3 Nec6 6. Nc2 b6 7. f4 Ba6 8. Bxa6 Nxa6 9. a3 c4 10. Nf3 Na5 11. Rb1 Nb3 12. Be3 Be7 13. 0-0 g6 14. Bf2 h5 15. Qe1 h4 16. Ne3 Nc7 17. Ng4 h3 18. g3 Kf8 19. Be3 Kg7 20. Ng5 Qd7 21. Rf3 b5 22. Nf2 a5 23. Nfxh3 b4 24. axb4 axb4 25. Nf2 Nb5 26. h4 bxc3 27. bxc3 Na3 28. Rb2 Nb5 29. Rb1 Na3 30. Rb2 Nb5 31. Nd1 Ba3 32. Ra2 Be7 33. Rff2 Qb7 34. Rfb2 Rxa2 35. Rxa2 Ra8 36. Qe2 Rxa2 37. Qxa2 Qa7 38. Qxa7 Nxa7 39. Kg2 Bxg5 40. fxg5 Nb5 41. g4 Na1 42. h5 Nc2 43. Bd2 Nba3 44. Kf3 Nb1 45. Bc1 Ne1+ 46. Ke2 Nd3 47. Be3 Na3 48. Kd2 Nb5 49. Kc2 Na3+ 50. Kd2 Nb5 51. Nf2 Nxf2 52. Bxf2 Na3 53. Kc1 Nb5 54. Be1 Kh7 55. Kb2 Kg7 56. Ka2 Kh7 57. Kb2 Kg8 58. Kc2 Kh7 59. Bd2 Kg8 60. Bc1 Kh7 61. Bb2 Kg8 62. Kb1 Kh7 63. Kc1 Kg8 64. Kd2 Kh7 65. Ke3 Kg8 66. Kf4 Kh7 67. Kg3 Kg8 68. h6 Kh7 69. Kf4 Kg8 70. Ke3 Kh7 71. Kd2 Kg8 72. Kc2 Kh7 73. Bc1 Kg8 74. Kb2 Kh7 75. Bd2 Kg8 76. Ka2 Kh7 1/2-1/2

[Event "Titled Tuesday intern op 06th Feb Early"]
[Site "Chess.com INT"]
[Date "2024.02.06"]
[Round "3"]
[White "Kleibel, Uwe"]
[Black "Panda, Sambit"]
[Result "0-1"]
[WhiteElo "2302"]
[BlackElo "2377"]
[PlyCount "84"]
[EventDate "2024.02.06"]
[EventType "swiss (blitz)"]
[EventRounds "11"]
[EventCountry "USA"]
[SourceTitle "CB07_2024"]
[SourceDate "2024.02.14"]
[SourceVersion "1"]
[SourceVersionDate "2024.02.14"]
[SourceQuality "1"]

1. e4 c6 2. Nc3 g6 3. Nf3 Bg7 4. d4 d5 5. h3 dxe4 6. Nxe4 Nf6 7. Nxf6+ exf6 8. Bd3 0-0 9. 0-0 Na6 10. c3 Nc7 11. Bf4 Nd5 12. Bh2 Be6 13. Qd2 Qd7 14. Rfe1 Rad8 15. Rad1 a5 16. a4 b5 17. Bc2 Nb6 18. axb5 cxb5 19. Qf4 b4 20. Qc7 Nc4 21. Qxd7 Rxd7 22. Ba4 Nxb2 23. Bxd7 Bxd7 24. cxb4 Nxd1 25. Rxd1 axb4 26. Rb1 Ra8 27. Bd6 Bc6 28. Rxb4 Ra1+ 29. Kh2 h5 30. Kg3 g5 31. h4 g4 32. Nd2 Rd1 33. Nc4 Rxd4 34. Bc5 Rd3+ 35. Ne3 Bh6 36. Rb8+ Kh7 37. Rc8 Be4 38. Kh2 f5 39. Nc4 Bf4+ 40. g3 Rd1 41. gxf4 Rh1+ 42. Kg3 Rh3# 0-1

[Event "Titled Tuesday intern op 06th Feb Early"]
[Site "Chess.com INT"]
[Date "2024.02.06"]
[Round "8"]
[White "Kleibel, Uwe"]
[Black "Piliczewski, Bogusz"]
[Result "1/2-1/2"]
[WhiteElo "2302"]
[BlackElo "1796"]
[PlyCount "136"]
[EventDate "2024.02.06"]
[EventType "swiss (blitz)"]
[EventRounds "11"]
[EventCountry "USA"]
[SourceTitle "CB07_2024"]
[SourceDate "2024.02.14"]
[SourceVersion "1"]
[SourceVersionDate "2024.02.14"]
[SourceQuality "1"]

1. e4 c6 2. Nc3 d5 3. Nf3 Bg4 4. h3 Bxf3 5. Qxf3 e6 6. Be2 Nf6 7. 0-0 Be7 8. Rd1 0-0 9. d4 dxe4 10. Nxe4 Nbd7 11. a4 Nxe4 12. Qxe4 Nf6 13. Qd3 c5 14. dxc5 Bxc5 15. Qc4 Qb6 16. Qh4 Rad8 17. a5 Rxd1+ 18. Bxd1 Qd6 19. Bf4 Qd4 20. c3 Qd3 21. Bf3 Qf5 22. Bxb7 e5 23. Qg5 Qxf4 24. Qxf4 exf4 25. b4 Bd6 26. Rd1 Rd8 27. Kf1 g5 28. c4 Rd7 29. Bc6 Rd8 30. b5 Bc7 31. Ra1 Rd4 32. b6 axb6 33. a6 Bb8 34. Bb5 Ba7 35. Re1 Re4 36. Rd1 Re7 37. Rd8+ Kg7 38. Ra8 Ne4 39. Bc6 Nd2+ 40. Kg1 Nxc4 41. Bb7 Nd6 42. Rxa7 Kf6 43. Kf1 Ke5 44. g3 Kd4 45. Ra8 Nxb7 46. a7 Nd6 47. gxf4 gxf4 48. Rd8 Rxa7 49. Rxd6+ Ke5 50. Rxb6 f3 51. Kg1 f5 52. Rh6 f4 53. Kh2 Rg7 54. Kh1 Rg2 55. Rxh7 Rxf2 56. Kg1 Rg2+ 57. Kf1 Ra2 58. h4 f2 59. h5 Ke4 60. Rb7 Kf3 61. Rb3+ Kg4 62. h6 Ra7 63. Kxf2 Rh7 64. Rb6 Kg5 65. Kf3 Rxh6 66. Rb5+ Kg6 67. Kxf4 Rh4+ 68. Kg3 Rc4 1/2-1/2

[Event "Titled Tuesday intern op 16th Jan Early"]
[Site "Chess.com INT"]
[Date "2024.01.16"]
[Round "11"]
[White "Kleibel, Uwe"]
[Black "Iljin, Timofey"]
[Result "0-1"]
[WhiteElo "2302"]
[BlackElo "2285"]
[PlyCount "142"]
[EventDate "2024.01.16"]
[EventType "swiss (blitz)"]
[EventRounds "11"]
[EventCountry "USA"]
[SourceTitle "CB04_2024"]
[SourceDate "2023.10.16"]
[SourceVersion "1"]
[SourceVersionDate "2023.10.16"]
[SourceQuality "1"]

1. e4 c5 2. Nf3 Nc6 3. Bb5 e5 4. Bxc6 dxc6 5. d3 Bd6 6. Nbd2 f6 7. a4 a5 8. Nc4 Bc7 9. b3 Ne7 10. Ba3 b6 11. Nh4 Be6 12. Ne3 Qd7 13. h3 0-0-0 14. Qf3 g5 15. Nhf5 Nxf5 16. Nxf5 Bxf5 17. Qxf5 Qxf5 18. exf5 h5 19. g3 e4 20. dxe4 Rhe8 21. f3 Bxg3+ 22. Ke2 Be5 23. Rad1 Bd4 24. Bc1 b5 25. Bd2 bxa4 26. bxa4 c4 27. Bxa5 Rd5 28. Be1 Bb6 29. Rb1 Ba7 30. Bf2 c5 31. Rhd1 Rxf5 32. Rd6 Rfe5 33. Rxf6 g4 34. hxg4 hxg4 35. Bg3 gxf3+ 36. Kxf3 Rxe4 37. Rc6+ Kd8 38. Rb7 Re3+ 39. Kg2 Re2+ 40. Kf1 R2e7 41. Bh4 Rf8+ 42. Kg2 Rg8+ 43. Kf3 Rf8+ 44. Kg4 Rg8+ 45. Kf5 Rf8+ 46. Kg6 Rg8+ 47. Kf5 Rf8+ 48. Rf6 Rxb7 49. Rxf8+ Kd7 50. Ke5 Kc6 51. Rf6+ Kc7 52. Kd5 Rb2 53. Rf7+ Kb8 54. Kxc4 Rxc2+ 55. Kb5 c4 56. Ka6 Be3 57. Bg3+ Kc8 58. Kb5 c3 59. Rf3 Bd2 60. Rf6 Rb2+ 61. Ka6 c2 62. Rc6+ Kd7 63. Rc7+ Kd8 64. Rc4 c1Q 65. Rxc1 Bxc1 66. a5 Rb3 67. Be1 Be3 68. Bh4+ Kd7 69. Bf6 Kc6 70. Bd8 Rb8 71. Bf6 Ra8# 0-1

[Event "Titled Tuesday intern op 09th Jan Early"]
[Site "Chess.com INT"]
[Date "2024.01.09"]
[Round "5"]
[White "Isajevsky, Anton"]
[Black "Kleibel, Uwe"]
[Result "1-0"]
[WhiteElo "2417"]
[BlackElo "2302"]
[PlyCount "83"]
[EventDate "2024.01.09"]
[EventType "swiss (blitz)"]
[EventRounds "11"]
[EventCountry "USA"]
[SourceTitle "CB03_2024"]
[SourceDate "2024.01.17"]
[SourceVersion "1"]
[SourceVersionDate "2024.01.17"]
[SourceQuality "1"]

1. c4 e6 2. Nf3 d5 3. e3 Nf6 4. Nc3 a6 5. b3 Bd6 6. Bb2 0-0 7. g3 b6 8. Bg2 Bb7 9. 0-0 Nbd7 10. cxd5 exd5 11. d4 Re8 12. Rc1 Qe7 13. Rc2 Ne4 14. Ne2 f5 15. Nf4 g5 16. Nd3 g4 17. Nfe5 Ndf6 18. Nc6 Qg7 19. a4 a5 20. Qc1 Ba6 21. Rd1 h5 22. Ba3 h4 23. Bxd6 cxd6 24. Nf4 Qh6 25. b4 hxg3 26. hxg3 Kg7 27. b5 Bb7 28. Nd8 Raxd8 29. Rc7+ Rd7 30. Rxd7+ Nxd7 31. Qc7 Bc8 32. Nxd5 Rh8 33. Nxb6 Nxg3 34. fxg3 Qxe3+ 35. Kf1 Re8 36. Qc2 Qxg3 37. Nd5 Nf6 38. Nxf6 Kxf6 39. Qd3 Re3 40. Qc4 Rf3+ 41. Kg1 Qf2+ 42. Kh1 1-0

[Event "Titled Tuesday intern op 09th Jan Early"]
[Site "Chess.com INT"]
[Date "2024.01.09"]
[Round "2"]
[White "Kleibel, Uwe"]
[Black "Arabidze, Meri"]
[Result "1/2-1/2"]
[WhiteElo "2302"]
[BlackElo "2466"]
[PlyCount "108"]
[EventDate "2024.01.09"]
[EventType "swiss (blitz)"]
[EventRounds "11"]
[EventCountry "USA"]
[SourceTitle "CB03_2024"]
[SourceDate "2024.01.17"]
[SourceVersion "1"]
[SourceVersionDate "2024.01.17"]
[SourceQuality "1"]

1. e4 c5 2. Nf3 e6 3. g3 Nc6 4. Bg2 Nf6 5. Qe2 e5 6. Nc3 Be7 7. Nd5 d6 8. d3 0-0 9. 0-0 Be6 10. Nxe7+ Qxe7 11. c3 h6 12. Nh4 d5 13. h3 Qd7 14. Kh2 c4 15. exd5 cxd3 16. Qxd3 Bxd5 17. Rd1 Rad8 18. Be3 Bxg2 19. Qxd7 Rxd7 20. Rxd7 Nxd7 21. Kxg2 Nb6 22. Rd1 Nc4 23. Bc1 Rd8 24. Rxd8+ Nxd8 25. b3 Nd6 26. Be3 Nc6 27. c4 h5 28. Kf1 g6 29. Nf3 f5 30. Ng5 Kg7 31. Ne6+ Kf6 32. Nc5 g5 33. f3 f4 34. gxf4 exf4 35. Bf2 Kf5 36. Ke2 b6 37. Nd3 Nf7 38. c5 bxc5 39. Bxc5 a6 40. b4 g4 41. hxg4+ hxg4 42. fxg4+ Kxg4 43. Nf2+ Kf5 44. a4 Nfe5 45. b5 axb5 46. axb5 Na5 47. b6 Nb7 48. Bd4 Nc6 49. Kd3 Nxd4 50. Kxd4 Ke6 51. Nd3 f3 52. Ke3 Kd6 53. Kxf3 Kc6 54. Nc5 Kxb6 1/2-1/2

[Event "Titled Tuesday intern op 09th Jan Early"]
[Site "Chess.com INT"]
[Date "2024.01.09"]
[Round "11"]
[White "Kleibel, Uwe"]
[Black "Pinheiro, Iung Alicio"]
[Result "0-1"]
[WhiteElo "2302"]
[BlackElo "2270"]
[PlyCount "54"]
[EventDate "2024.01.09"]
[EventType "swiss (blitz)"]
[EventRounds "11"]
[EventCountry "USA"]
[SourceTitle "CB03_2024"]
[SourceDate "2024.01.17"]
[SourceVersion "1"]
[SourceVersionDate "2024.01.17"]
[SourceQuality "1"]

1. e4 e5 2. Nf3 Nc6 3. d4 exd4 4. Nxd4 Qf6 5. Nxc6 dxc6 6. Nc3 Bc5 7. Qe2 Bd4 8. Bd2 Be6 9. f3 Ne7 10. 0-0-0 0-0-0 11. h4 h6 12. Kb1 Qe5 13. a3 g5 14. Qe1 Ng6 15. hxg5 hxg5 16. Rxh8 Rxh8 17. Bd3 Nf4 18. g3 Nxd3 19. cxd3 Bb3 20. Rc1 Rh2 21. f4 gxf4 22. gxf4 Qg7 23. Be3 Qg2 24. Nd1 Bxe3 25. Qb4 c5 26. Qxb3 Bxc1 27. Qxf7 Qc2+ 0-1

[Event "Titled Tuesday intern op 09th Jan Early"]
[Site "Chess.com INT"]
[Date "2024.01.09"]
[Round "7"]
[White "Maltsevskaya, Aleksandra"]
[Black "Kleibel, Uwe"]
[Result "1-0"]
[WhiteElo "2378"]
[BlackElo "2302"]
[PlyCount "65"]
[EventDate "2024.01.09"]
[EventType "swiss (blitz)"]
[EventRounds "11"]
[EventCountry "USA"]
[SourceTitle "CB03_2024"]
[SourceDate "2024.01.17"]
[SourceVersion "1"]
[SourceVersionDate "2024.01.17"]
[SourceQuality "1"]

1. Nf3 d5 2. g3 Nf6 3. d3 e6 4. Bg2 Be7 5. 0-0 0-0 6. Nbd2 c5 7. e4 Nc6 8. Re1 Qc7 9. Qe2 b5 10. e5 Nd7 11. Nf1 Bb7 12. h4 Rfc8 13. h5 h6 14. g4 Qd8 15. Ng3 a5 16. c3 b4 17. g5 hxg5 18. h6 gxh6 19. Nh2 Ndxe5 20. Qh5 Qf8 21. f4 gxf4 22. Bxf4 Ng6 23. Bxh6 Qd8 24. Ng4 Ba6 25. Rxe6 Bxd3 26. Bxd5 Nce5 27. Nxe5 Qxd5 28. Nxg6 Qxe6 29. Nf4 Qe3+ 30. Kh2 Qf2+ 31. Kh3 Rc6 32. Qg4+ Bg6 33. Rf1 1-0

[Event "Titled Tuesday intern op 14th Nov Early"]
[Site "Chess.com INT"]
[Date "2023.11.14"]
[Round "11"]
[White "Belov, Alexei"]
[Black "Kleibel, Uwe"]
[Result "0-1"]
[WhiteElo "2421"]
[BlackElo "2308"]
[PlyCount "58"]
[EventDate "2023.11.14"]
[EventType "swiss (blitz)"]
[EventRounds "11"]
[EventCountry "USA"]
[SourceTitle "CB47_2023"]
[SourceDate "2023.11.22"]
[SourceVersion "1"]
[SourceVersionDate "2023.11.22"]
[SourceQuality "1"]

1. e4 e5 2. Nf3 Nc6 3. Bb5 a6 4. Ba4 Nf6 5. d4 exd4 6. 0-0 Be7 7. e5 Ne4 8. Nxd4 0-0 9. Nf5 d5 10. Nxe7+ Nxe7 11. c3 c6 12. Be3 Ng6 13. f4 f6 14. exf6 Qxf6 15. Nd2 Bf5 16. Bc2 Rae8 17. Nxe4 Bxe4 18. Bxe4 Rxe4 19. Bd4 Qf5 20. g4 Qd7 21. f5 Ne5 22. h3 Re8 23. Kh1 Nc4 24. b3 Ne3 25. Bxe3 Rxe3 26. Rf3 Qe7 27. Rxe3 Qxe3 28. Kg2 Qxc3 29. Qf3 Qxa1 0-1

[Event "Titled Tuesday intern op 14th Nov Early"]
[Site "Chess.com INT"]
[Date "2023.11.14"]
[Round "1"]
[White "Samunenkov, Igor"]
[Black "Kleibel, Uwe"]
[Result "1-0"]
[WhiteElo "2531"]
[BlackElo "2308"]
[PlyCount "77"]
[EventDate "2023.11.14"]
[EventType "swiss (blitz)"]
[EventRounds "11"]
[EventCountry "USA"]
[SourceTitle "CB47_2023"]
[SourceDate "2023.11.22"]
[SourceVersion "1"]
[SourceVersionDate "2023.11.22"]
[SourceQuality "1"]

1. d4 d5 2. c4 e6 3. Nf3 Nf6 4. g3 Be7 5. Bg2 0-0 6. Qc2 c6 7. 0-0 b6 8. Nbd2 Bb7 9. e4 Na6 10. a3 c5 11. exd5 exd5 12. dxc5 Nxc5 13. b4 Ne6 14. Bb2 a5 15. bxa5 Rxa5 16. Nh4 Ra7 17. Rfd1 d4 18. Bxb7 Rxb7 19. Ndf3 Bc5 20. Nf5 Rd7 21. Rd3 g6 22. N5h4 Qa8 23. Rad1 Rfd8 24. Ne5 Rd6 25. Nhf3 Qe4 26. Re1 Qb7 27. Qe2 Kg7 28. Red1 h6 29. h3 Ng5 30. Nxg5 hxg5 31. Nf3 g4 32. hxg4 Nxg4 33. Nxd4 Bxd4 34. Bxd4+ Kg8 35. Qxg4 Qd7 36. Qxd7 R8xd7 37. R3d2 f5 38. Be3 Rxd2 39. Rxd2 1-0